| 000 | 00492nam a22001457a 4500 | ||
|---|---|---|---|
| 008 | 230727b |||||||| |||| 00| 0 eng d | ||
| 040 |
_aNational Science Library _cNational Science Library |
||
| 100 | 1 |
_aCallister, R C _912829 |
|
| 245 |
_aAustralian clays in the manufacture of white pottery wares _c/ Commonwealth of Australian |
||
| 260 |
_aMelbourne: _bInstitute of Science and Industry, _c1924 |
||
| 300 | _a87p. | ||
| 490 | _aBulletin no. 27 | ||
| 650 | _aBulletin | ||
| 942 |
_2udc _cREF |
||
| 999 |
_c55451 _d55451 |
||